Frustaciones de un destino: la democracia en América Latina /
Spremljeno u:
| Glavni autor: | |
|---|---|
| Daljnji autori: | |
| Format: | Tekst |
| Izdano: |
San José:
Libro Libre
|
| Oznake: |
Dodaj oznaku
Bez oznaka, Budi prvi tko označuje ovaj zapis!
|
MARC
| LEADER | 00000 a a2200000 04500 | ||
|---|---|---|---|
| 001 | 24689 | ||
| 003 | |||
| 040 | |a CRAI/IIS |c CRAI/IIS | ||
| 020 | |a 9977-901-21-X | ||
| 090 | |a 177600 | ||
| 100 | |a Paz, Octavio | ||
| 245 | |a Frustaciones de un destino: la democracia en América Latina / |c Octavio Paz | ||
| 260 | |a San José: |b Libro Libre | ||
| 300 | |a 298 p. | ||
| 700 | |a Rangel, Carlos |a Meyer, Jean |a Krauze, Enrique |a Zaid, Gabriel |a Franqui, Carlos |a Cabrera Infante, Guillermo |a Pastor, Rodolfo | ||
| 999 | |c 2514 |d 2514 | ||



